• 首页
  • 本馆介绍
  • 公告通知
  • 最新文献
  • 馆藏检索
  • 电子资源
  • 读者导购
  • 参考咨询
  • 我的图书馆
  • 登录
  • 详细信息显示
  • 放入我的书架
  • 预约/预借图书
  • 作者相关作品
  • 分类相关作品
  • 丛书相关作品
  • 出版社相关作品

书目信息

  • 表格格式
  • 工作单格式
  • 卡片格式
题名:
经济系统分析教程
    
 
作者: 高洪深 编著
分册:  
出版信息: 北京   中国人民大学出版社  2003
页数: 251页
开本: 23cm
丛书名:
单 册:
中图分类: F224.12
科图分类:
主题词: 经济系统--系统分析--高等学校--教材 , 经济系统
电子资源:
ISBN: 7-300-04943-5
000 00998nam0 2200277 450
000 01030nam0 2200277 450
000 00960nam0 2200253 450
000 00924oam2 2200241 45
005 20070725142919.93
010    @a7-300-04943-5@dCNY19.00
100    @a20070719d2003 em y0chiy0120 ea
101 0  @achi
102    @aCN@b110000
105    @ay z 000yy
200 1  @a经济系统分析教程@AJing Ji Xi Tong Fen Xi Jiao Cheng@f高洪深编著@FGao Hong Shen Bian Zhu
210    @a北京@c中国人民大学出版社@d2003
215    @a251页@d23cm
300    @a21世纪经济学系列教材专业基础课
330    @a本书以经济问题为研究对象,以系统科学和经济学为理论基础,系统地阐述了经济系统分析概论、内容、一般方法,经济系统中的产业结构分析等内容。
510 1  @aEconomic Systems Analysis Tutorial@zeng
606 0  @a经济系统@x系统分析@x高等学校@j教材
606 0  @a经济系统
690    @aF224.12@v4
701  0 @a高洪深@AGao Hong Shen@f(1942~)@4编著
801  0 @aCN@bTAOJIN@c20070725
905    @a10447@dF224.12@e279
    
    经济系统分析教程/高洪深编著.-北京:中国人民大学出版社,2003
    251页;23cm
    21世纪经济学系列教材专业基础课
    
    ISBN 7-300-04943-5:CNY19.00
    本书以经济问题为研究对象,以系统科学和经济学为理论基础,系统地阐述了经济系统分析概论、内容、一般方法,经济系统中的产业结构分析等内容。
●
相关链接 在E读中查询图书 在五车中查询图书 在当当中查询图书 在豆瓣中查询图书


正题名:经济系统分析教程     索取号:F224.12/279         预约/预借

序号 登录号 条形码 馆藏地/架位号 状态 备注
1 0825557   208255573   第一样本阅览室/ [索取号:F224.12/279] 在馆    
2 0825558   208255582   第一借阅区/ [索取号:F224.12/279] 在馆    
3 0825559   208255591   第一借阅区/ [索取号:F224.12/279] 在馆    
4 0825560   208255608   第一借阅区/ [索取号:F224.12/279] 在馆    
5 0825561   208255617   第一借阅区/ [索取号:F224.12/279] 在馆    
6 0825562   208255626   第一借阅区/ [索取号:F224.12/279] 在馆    
7 0825563   208255635   第一借阅区/ [索取号:F224.12/279] 在馆    
8 0825564   208255644   第一借阅区/ [索取号:F224.12/279] 在馆    
唐山师范学院图书馆 欢迎您!
大连网信软件有限公司© 版权所有